Исследование Cr-Zr оксидных катализаторов для дегидрирования пропана; Перспективы развития фундаментальных наук; Т. 2 : Химия
| Parent link: | Перспективы развития фундаментальных наук=Prospects of Fundamental Sciences Development: сборник научных трудов XV Международной конференции студентов, аспирантов и молодых ученых, г. Томск, 24-27 апреля 2018 г./ Национальный исследовательский Томский политехнический университет (ТПУ) ; под ред. И. А. Курзиной, Г. А. Вороновой.— , 2018 Т. 2 : Химия.— 2018.— [С. 117-119] |
|---|---|
| Egile nagusia: | |
| Erakunde egilea: | |
| Beste egile batzuk: | , |
| Gaia: | Заглавие с экрана Two series of cromium-zirconium mixed oxide catalysts with different Cr/Zr molar ratio were prepared by co-precipitation method. Porous structure of catalysts was investigated by low-temperature N[2] adsorption, phase composition and chromium state of catalysts were characterized by X-ray diffraction (XRD) and temperature-programmed reduction with H[2] (TPR-H[2]). The mixed catalysts were studied in non-oxidative dehydrogenation of propane at 550°С. The catalysts obtained without ageing were shown higher activity in propane dehydrogenation due to possible higher content of reducible Cr5{+/6+}. |
| Hizkuntza: | errusiera |
| Argitaratua: |
2018
|
| Gaiak: | |
| Sarrera elektronikoa: | http://earchive.tpu.ru/handle/11683/50733 |
| Formatua: | Baliabide elektronikoa Liburu kapitulua |
| KOHA link: | https://koha.lib.tpu.ru/cgi-bin/koha/opac-detail.pl?biblionumber=627514 |
MARC
| LEADER | 00000naa2a2200000 4500 | ||
|---|---|---|---|
| 001 | 627514 | ||
| 005 | 20231101133450.0 | ||
| 035 | |a (RuTPU)RU\TPU\conf\27391 | ||
| 035 | |a RU\TPU\conf\27388 | ||
| 090 | |a 627514 | ||
| 100 | |a 20180911d2018 k y0rusy50 ca | ||
| 101 | 0 | |a rus |d eng | |
| 102 | |a RU | ||
| 105 | |a y z 100zy | ||
| 135 | |a drgn ---uucaa | ||
| 181 | 0 | |a i | |
| 182 | 0 | |a b | |
| 200 | 1 | |a Исследование Cr-Zr оксидных катализаторов для дегидрирования пропана |d Investigation of Cr-Zr oxide catalysts for propane dehydrogenation |f А. В. Зубков, Т. А. Бугрова |g науч. рук. Г. В. Мамонтов | |
| 203 | |a Текст |c электронный | ||
| 230 | |a 1 компьютерный файл (pdf; 180 Kb) | ||
| 300 | |a Заглавие с экрана | ||
| 320 | |a [Библиогр.: с. 119 (6 назв.)] | ||
| 330 | |a Two series of cromium-zirconium mixed oxide catalysts with different Cr/Zr molar ratio were prepared by co-precipitation method. Porous structure of catalysts was investigated by low-temperature N[2] adsorption, phase composition and chromium state of catalysts were characterized by X-ray diffraction (XRD) and temperature-programmed reduction with H[2] (TPR-H[2]). The mixed catalysts were studied in non-oxidative dehydrogenation of propane at 550°С. The catalysts obtained without ageing were shown higher activity in propane dehydrogenation due to possible higher content of reducible Cr5{+/6+}. | ||
| 461 | 1 | |0 (RuTPU)RU\TPU\conf\26928 |t Перспективы развития фундаментальных наук |l Prospects of Fundamental Sciences Development |o сборник научных трудов XV Международной конференции студентов, аспирантов и молодых ученых, г. Томск, 24-27 апреля 2018 г. |o в 7 т. |f Национальный исследовательский Томский политехнический университет (ТПУ) ; под ред. И. А. Курзиной, Г. А. Вороновой |d 2018 | |
| 463 | 1 | |0 (RuTPU)RU\TPU\conf\26930 |t Т. 2 : Химия |v [С. 117-119] |d 2018 | |
| 510 | 1 | |a Investigation of Cr-Zr oxide catalysts for propane dehydrogenation |z eng | |
| 610 | 1 | |a электронный ресурс | |
| 610 | 1 | |a оксидные катализаторы | |
| 610 | 1 | |a дегидрирование | |
| 610 | 1 | |a пропан | |
| 610 | 1 | |a гетерогенные катализаторы | |
| 610 | 1 | |a каталитические свойства | |
| 610 | 1 | |a физико-химические свойства | |
| 700 | 1 | |a Зубков |b А. В. | |
| 701 | 1 | |a Бугрова |b Т. А. | |
| 702 | 1 | |a Мамонтов |b Г. В. |4 727 | |
| 712 | 0 | 2 | |a Национальный исследовательский Томский государственный университет (ТГУ) |c (2009- ) |2 stltpush |3 (RuTPU)RU\TPU\col\17230 |
| 801 | 2 | |a RU |b 63413507 |c 20181005 |g RCR | |
| 856 | 4 | |u http://earchive.tpu.ru/handle/11683/50733 | |
| 942 | |c BK | ||